| 000 | 00670nam a2200229Ia 4500 | ||
|---|---|---|---|
| 003 | OSt | ||
| 005 | 20220916110917.0 | ||
| 006 | a|||||r|||| 00| 0 | ||
| 007 | ta | ||
| 008 | 220915b |||||||| |||| 00| 0 hin d | ||
| 024 | _a158143 | ||
| 037 | _cTextbook | ||
| 040 |
_bhin _aARTS _cARTS |
||
| 041 | _ahin | ||
| 082 | _a2k, 152K1(TB) | ||
| 100 | _aगौड़, प्रभुनारायण | ||
| 245 | 0 | _aपुस्तकालय विज्ञान कोश | |
| 246 | _aPustakālaya vijnyān kosha | ||
| 260 | _c1966 | ||
| 942 |
_h2k, 152K1(TB) _cTB _2CC |
||
| 999 |
_c101142 _d101142 |
||